000
00205nam a22000857a 4500
008
170626b xxu||||| |||| 00| 0 eng d
100
_9
3719
_a
Selmon. A. C
245
_a
Health and Strength
260
_a
Delhi
_c
2003
999
_c
7141
_d
7141